00709nam a2200193 a 450000100100000000500170001000800410002702000150006804000250008308200160010810000270012424500610015126000760021230000290028870000240031771000420034195201150038399900170049800003468120200930073833.0111018s1981 ag 000 0 spa d a0201002744 aDO-SdBNPbspacBNPHU axxxxbA454f1 aAlonso, Marcelo96011510aFisica :bcampos y ondas /cMarcelo Alonso, Onofre Rojo. aWilmington, Delaware, E. U. A. :bAddison-Wesley Iberoamericana,c1981. a472 p. :bil., ;c23 cm.1 aRojo, Onofre9601161 aFondo Edicativo Interamericano960117 0010507-18MOaGRbGRcOId2011-10-18iLF1l0oxxxx A454fp34681-10r2020-06-25w2020-06-25y1ZNo se presta c34172d34172